| 000 | 01527nam a22002537a 4500 | ||
|---|---|---|---|
| 005 | 20120206110714.0 | ||
| 010 | _aB-452394-398 | ||
| 020 |
_a8125015655 _c695.00 |
||
| 020 |
_a9788125032601 _c695.00 |
||
| 035 | _aB-452394-398 | ||
| 037 | _bVirtuous Pub. | ||
| 100 |
_aRao,C.V.Subba _942412 |
||
| 245 |
_aHyderabad : _cby Joyce Burkhalter Flueckiger _bthe social context of industrialisation,1875-1948 / |
||
| 260 |
_aNew Delhi _bOrient Longman _c2007 |
||
| 270 |
_a1/24 Asaf Ali Road, _bNew Delhi _e110002 |
||
| 300 |
_axxii,218p. _c22cm(Hb) |
||
| 500 | _aIncludes bibliographical references and index | ||
| 942 |
_2ddc _cEN _mRAO |
||
| 999 |
_c62074 _d62074 |
||